Solving partial differential equations on surfaces with applications to geodetic data analysis

Salvato in:
Dettagli Bibliografici
Autore principale: Kollár, Michal (Autore)
Altri autori: Mikula, Karol (Relatore della tesi)
Natura: Manoscritto Libro
Lingua:slovacco
inglese
Pubblicazione: 2018
Soggetti:
Accesso online:http://is.stuba.sk/zp/portal_zp.pl?podrobnosti=120070
Tags: Aggiungi Tag
Nessun Tag, puoi essere il primo ad aggiungerne!!

MARC

LEADER 00000ntm a22000003a 4500
001 stuzp49120
003 SK-STU
005 20180901210352.8
007 ta
008 150427s2015----xo-----f-mn---000-0-slo-d
040 |a STU  |b slo 
041 0 |a eng 
100 1 |a Kollár, Michal  |u 010220  |k Z8  |4 aut  |U SvF Stavebná fakulta  |T SvF Katedra matematiky a deskriptívnej geometrie  |X 67743  |U V220  |Y 23  |7 A000067743 
242 0 1 |a Riešenie parciálnych diferenciálnych rovníc na plochách s aplikáciou v spracovaní geodetických dát  |y slo 
245 1 0 |a Solving partial differential equations on surfaces with applications to geodetic data analysis 
260 |c 2018 
650 4 |a povrchová metóda konečných prvkov  |2 slo 
650 4 |a geodetická stredná krivosť  |2 slo 
650 4 |a filtrácia dát  |2 slo 
650 4 |a nelineárne difúzne rovnice  |2 slo 
650 4 |a vývoj podľa strednej krivosti  |2 slo 
650 4 |a GOCE dáta  |2 slo 
650 4 |a data filtering  |2 eng 
650 4 |a nonlinear diffusion equation  |2 eng 
650 4 |a mean curvature flow  |2 eng 
650 4 |a geodetics mean curvature flow  |2 eng 
650 4 |a surface finite volume method  |2 eng 
650 4 |a GOCE data  |2 eng 
650 4 |a satellite-only mean dynamic topography  |2 eng 
700 1 |a Mikula, Karol  |u 010220  |k Z1  |4 ths  |U SvF Stavebná fakulta  |T SvF Katedra matematiky a deskriptívnej geometrie  |X 782  |U V220  |Y 23  |7 A000000782 
856 4 |u http://is.stuba.sk/zp/portal_zp.pl?podrobnosti=120070 
996 |b 284V041467  |c V* 3430/DP-1360  |l VVS  |s P  |a 0  |w stuzp49120_0001